[Event "Bratislava Slovan op"]
[Site "Bratislava"]
[Date "2014.04.26"]
[Round "1"]
[White "Palenik, Martin"]
[Black "Brisudova, Veronika"]
[Result "0-1"]
[WhiteElo "1000"]
[BlackElo "1906"]
[PlyCount "72"]
[EventDate "2014.04.26"]
[EventType "swiss"]
[EventRounds "9"]
[EventCountry "SVK"]
[SourceTitle "CBM 160 Extra"]
[Source "ChessBase"]
[SourceDate "2014.07.01"]
[SourceVersion "1"]
[SourceVersionDate "2014.07.01"]
[SourceQuality "1"]

1. e4 c5 2. Nf3 Nc6 3. Bb5 Nf6 4. d3 e6 5. Bg5 Be7 6. e5 Nd5 7. Bxe7 Ncxe7 8. 0-0 0-0 9. c4 Nf4 10. g3 Nfg6 11. Nc3 Qc7 12. Re1 b6 13. a3 Bb7 14. b4 a6 15. Ba4 cxb4 16. axb4 Bxf3 17. Qxf3 Nxe5 18. Qf4 N7g6 19. Qe4 d5 20. Qe2 b5 21. Bc2 bxc4 22. dxc4 Qxc4 23. Na2 Qxe2 24. Rxe2 Rfc8 25. Kg2 Nc6 26. Rb1 Nd4 27. Rd2 Rxc2 28. Rxd4 Rxa2 29. b5 axb5 30. Rxb5 Rc2 31. Rdb4 h6 32. h4 Raa2 33. h5 Rxf2+ 34. Kh3 Ne5 35. g4 Rf3+ 36. Kh4 Rh2# 0-1